|
|
|
|
| LEADER |
00000nam2a2200000 4500 |
| 001 |
52612 |
| 005 |
20231031042239.0 |
| 010 |
|
|
|a 5824302871
|
| 035 |
|
|
|a (RuTPU)RU\TPU\book\55151
|
| 090 |
|
|
|a 52612
|
| 100 |
|
|
|a 20030604d2002 km y0rusy50 ca
|
| 101 |
0 |
|
|a rus
|
| 102 |
|
|
|a RU
|
| 105 |
|
|
|a af z 001zy
|
| 200 |
0 |
|
|a Т. 1: От рождения исламской цивилизации до монгольского завоевания
|
| 210 |
|
|
|d 2002
|
| 215 |
|
|
|a 688 с.
|c ил.
|
| 320 |
|
|
|a Библиогр.: с. 636-660
|
| 320 |
|
|
|a Список сокращений: с. 660-661
|
| 320 |
|
|
|a Имен. указ.: с. 661-684
|
| 461 |
|
1 |
|0 (RuTPU)RU\TPU\book\57809
|y 5-8243-0286-3
|t Очерки истории распространения исламской цивилизации
|o В 2 т.
|f Под ред. Ю. М. Кобищанова и др.
|v Т. 1: От рождения исламской цивилизации до монгольского завоевания
|d 2002-
|
| 610 |
1 |
|
|a религия
|
| 610 |
1 |
|
|a история
|
| 610 |
1 |
|
|a ислам
|
| 610 |
1 |
|
|a Исламская цивилизация
|
| 610 |
1 |
|
|a Азия
|
| 610 |
1 |
|
|a Евразия
|
| 610 |
1 |
|
|a Хазария
|
| 610 |
1 |
|
|a Волжская Булгария
|
| 610 |
1 |
|
|a Дербент
|
| 610 |
1 |
|
|a Древний мир
|
| 610 |
1 |
|
|a средние века
|
| 610 |
1 |
|
|a мусульманство
|
| 610 |
1 |
|
|a Юго- Восточная Азия
|
| 610 |
1 |
|
|a Индия
|
| 610 |
1 |
|
|a Китай
|
| 610 |
1 |
|
|a Индонезия
|
| 610 |
1 |
|
|a Тропическая Африка
|
| 610 |
1 |
|
|a культура
|
| 610 |
1 |
|
|a синкретизм
|
| 610 |
1 |
|
|a суфизм
|
| 610 |
1 |
|
|a торговля
|
| 610 |
1 |
|
|a купечество
|
| 610 |
1 |
|
|a работорговля
|
| 610 |
1 |
|
|a феодализм
|
| 610 |
1 |
|
|a крестьянство
|
| 610 |
1 |
|
|a феодалы
|
| 610 |
1 |
|
|a землевладение
|
| 610 |
1 |
|
|a искусство
|
| 610 |
1 |
|
|a архитектура
|
| 686 |
|
|
|a Э38-3
|v LBC/SL-A
|2 rubbk
|
| 686 |
|
|
|a Т3(5)
|v LBC/SL-A
|2 rubbk
|
| 686 |
|
|
|a Т3(6)
|v LBC/SL-A
|2 rubbk
|
| 801 |
|
1 |
|a RU
|b 63413507
|c 20030604
|g PSBO
|
| 801 |
|
2 |
|a RU
|b 63413507
|c 20030909
|g PSBO
|
| 942 |
|
|
|c BK
|